000
00299nam a22001337a 4500
008
180802b xxu||||| |||| 00| 0 eng d
082
_a
813.52
245
_a
Toward a sustainable future
_c
Wright.R.T
260
_c
2011
300
_a
1
440
_x
032165207X
760
_b
11th
942
_2
ddc
_c
MX
999
_c
46731
_d
46731